书目信息 |
| 题名: |
生产工艺防火
|
|
| 作者: | 黄郑华 , 李建华 主编 | |
| 分册: | ||
| 出版信息: | 北京 化学工业出版社 2011.08 |
|
| 页数: | 260页 | |
| 开本: | 26cm | |
| 丛书名: | ||
| 单 册: | ||
| 中图分类: | X932 | |
| 科图分类: | ||
| 主题词: | 生产工艺--防火--高等学校--教材 , 生产工艺 | |
| 电子资源: | ||
| ISBN: | 978-7-122-11615-4 | |
| 000 | 00962nam0 2200265 450 | |
| 001 | 010010082681 | |
| 005 | 20130701094854.04 | |
| 010 | @a978-7-122-11615-4@dCNY38.00 | |
| 100 | @a20110824d2011 em y0chiy50 ea | |
| 101 | 0 | @achi |
| 102 | @aCN@b110000 | |
| 105 | @aak z 000yy | |
| 106 | @ar | |
| 200 | 1 | @a生产工艺防火@9sheng chan gong yi fang huo@f黄郑华,李建华主编 |
| 210 | @a北京@c化学工业出版社@d2011.08 | |
| 215 | @a260页@c图@d26cm | |
| 300 | @a高等学校教材 | |
| 330 | @a本书结合作者多年教学和防火实践工作新经验,吸纳了消防法规的新标准和近年来国内外消防科技研究的新成果;从生产工艺过程火灾危险性分析、防火防爆基本技术、物料储运工艺设备、生产工艺设备等方面阐述了生产过程中发生火灾事故的原因和机理。 | |
| 606 | 0 | @a生产工艺@x防火@x高等学校@j教材 |
| 606 | 0 | @a生产工艺 |
| 690 | @aX932@v4 | |
| 701 | 0 | @a黄郑华@9huang zheng hua@4主编 |
| 701 | 0 | @a李建华@9li jian hua@4主编 |
| 801 | 0 | @aCN@bRENTIAN@c20110824 |
| 905 | @b545007-10@dX932@e10@f4 | |
| 生产工艺防火/黄郑华,李建华主编.-北京:化学工业出版社,2011.08 |
| 260页:图;26cm |
| 高等学校教材 |
| ISBN 978-7-122-11615-4:CNY38.00 |
| 本书结合作者多年教学和防火实践工作新经验,吸纳了消防法规的新标准和近年来国内外消防科技研究的新成果;从生产工艺过程火灾危险性分析、防火防爆基本技术、物料储运工艺设备、生产工艺设备等方面阐述了生产过程中发生火灾事故的原因和机理。 |
| ● |
| 相关链接 |
|
|
|
|
正题名:生产工艺防火
索取号:X932/10
 
预约/预借
| 序号 | 登录号 | 条形码 | 馆藏地/架位号 | 状态 | 备注 |
| 1 | 0625847 | 206258477 | 第二样本阅览室/ [索取号:X932/10] | 在馆 | |
| 2 | 0625848 | 206258486 | 第三借阅区/ [索取号:X932/10] | 在馆 | |
| 3 | 0625849 | 206258495 | 第三借阅区/ [索取号:X932/10] | 在馆 | |
| 4 | 0625850 | 206258501 | 第三借阅区/ [索取号:X932/10] | 在馆 |